000 01209nam a2200217 4500
005 20250501142113.0
008 250501b |||||||| |||| 00| 0 eng d
020 _a9781839762765
037 _cTextual
040 _aRTL
_cRTL
084 _aY7 R3
_qRTL
100 _aKundnani, Arun
_9288147
245 _aWhatbis antiracism?: And why it means anticapitalism
260 _aLondon
_bVerso
_c2023
300 _a298 p. ill.
_bIncludes notes and index
520 _aABOUT WHAT IS ANTIRACISM? This scintillating intellectual and political history provides a new understanding of racism, and a better way to fight it Liberals have been arguing for nearly a century that racism is fundamentally an individual problem of extremist beliefs. Responding to Nazism, thinkers like gay rights pioneer Magnus Hirschfeld and anthropologist Ruth Benedict called for teaching people, especially poor people, to be less prejudiced. Here lies the origin of today’s liberal antiracism, from diversity training to Hollywood activism. Meanwhile, a more radical antiracism flowered in the Third World.
650 _aAnti-racism
_9753674
650 _aRacism
650 _aCapitalism
942 _2CC
_n0
_cTB
_hY7 R3
999 _c1309895
_d1309895